Εναλλακτική διαχείριση συσκευασιών
Αποθηκεύτηκε σε:
| Κύριος συγγραφέας: | |
|---|---|
| Άλλοι συγγραφείς: | |
| Μορφή: | Βιβλίο |
| Γλώσσα: | Greek |
| Δημοσίευση: |
Αθήνα :
ΙΩΝ,
c2002
|
| Θέματα: | |
| Ετικέτες: |
Προσθήκη ετικέτας
Δεν υπάρχουν, Καταχωρήστε ετικέτα πρώτοι!
|
MARC
| LEADER | 00000nam a2200000 i 4500 | ||
|---|---|---|---|
| 001 | 1/53644 | ||
| 008 | 070903s2002 gre d | ||
| 020 | |a 960-411-219-8 | ||
| 035 | |l 10090341 | ||
| 040 | |a GR-MY-UA |b gre |e aacr | ||
| 041 | 0 | |a gre | |
| 082 | 0 | |a 363.728 |2 (22) | |
| 100 | 1 | |a Σκορδίλης, Αδαμάντιος Δ. | |
| 245 | 1 | 0 | |a Εναλλακτική διαχείριση συσκευασιών / |c Αδαμάντιος Σκορδίλης, Ευαγγελινή Μπούσιου |
| 260 | |a Αθήνα : |b ΙΩΝ, |c c2002 | ||
| 300 | |a 189 σ.; |b εικ., πίν.; |c 24 εκ. | ||
| 504 | |a Περιλαμβάνει βιβλιογραφία | ||
| 650 | 0 | 0 | |a Refuse and refuse disposal. |
| 650 | 0 | 0 | |a Recycling (Waste, etc.) |
| 650 | 0 | 0 | |a Packaging waste. |
| 700 | 1 | |a Μπούσιου, Ευαγγελινή. | |
| 852 | |a INST |b CHIOS |e 20070903 |h 363.728 ΣΚΟ |p 005200025999 |q 005200025999 |t BK |y 0 | ||
| 901 | |a BIBL2-2007-3 | ||
| 909 | |a Χ |b 136395 | ||
| 922 | |a 2ΕΛΗ |b 200707 |c ΕΠΕΑΕΚ2/ΤΜΟΔ |d Σ. ΠΑΤΑΚΗΣ | ||
| 970 | |a ΒΑΣΙΛΑΚΗ |b ΝΙΚΗ |z 2007/09/03 | ||